| 000 | 00476nam a22001817a 4500 | ||
|---|---|---|---|
| 020 | _a9789348132369 | ||
| 082 |
_aM300 7 _bSHA/S |
||
| 100 | _aShaji Jacob | ||
| 245 |
_aSamakala streenovel vayanakal/ _cby Shaji Jacob |
||
| 260 |
_aKozhikode: _bAtma Books, _c2024. |
||
| 300 | _a319p. | ||
| 490 | _aPusthakapadana Parampara-1 | ||
| 650 | _aNovel Malayalam Study | ||
| 650 | _aNovel Women Study | ||
| 650 | _aLiterature Malayalam | ||
| 650 | _aLiterature | ||
| 942 | _cBK | ||
| 999 |
_c181728 _d181728 |
||